Slovenská obchodná a priemyselná komora regionálna komora Nitra

Bibliographic Details
Corporate Author: Slovenská obchodná a priemyselná komora. Nitrianska regionálna komora (Author)
Format: Book
Language:Slovak
PhysicalDescription:56 s. fotogr., grafy, mp., rekl., tab. 30 cm
Published: Bratislava Slovenská obchodná a priemyselná komora [1998]
ISBN:8085588625
Subjects:

MARC

LEADER 00000nam a2200000 a 4500
001 vtls001327725
003 SK-MaSNL
005 20260301005621.0
008 160415s1998 xo a y 0 slo
015 |a SNBE1998/04-02895 
020 |a 8085588625 
035 |a SNK000280535 
040 |a SNK  |b slo  |c SNK  |e AACR2 
041 0 |a slo 
044 |a xo  |c SK 
080 |a 334.788.2(437.6)(083.9)  |2 1981 
110 2 |a Slovenská obchodná a priemyselná komora.  |b Nitrianska regionálna komora  |4 aut  |9 108231 
245 1 0 |a Slovenská obchodná a priemyselná komora  |b regionálna komora Nitra 
246 1 0 |a Slovak Chamber of Commerce and Industry 
260 |a Bratislava  |b Slovenská obchodná a priemyselná komora  |c [1998] 
300 |a 56 s.  |b fotogr., grafy, mp., rekl., tab.  |c 30 cm 
500 |a Súbež. názov angl. 
610 2 7 |a Slovenská obchodná a priemyselná komora.  |b Nitrianska regionálna komora  |2 SNK  |9 108231 
655 7 |a informačné publikácie  |2 SNK  |9 70181 
919 |a 80-85588-62-5 
958 |a TL 
999 |c 545713  |d 547643 
952 |t P60, <09>, [BOOK], {629}  |a SNK  |b SNK  |y NEVYP  |7 0  |o snkB 191  |i snk697/980416  |0 0  |1 0  |4 0  |d 1998-04-16  |l 0  |r 2005-01-02 00:00:00  |w 2026-02-23 
952 |t P60, <03>, [BOOK], {603}  |a SNK  |b SNK  |y PREZ  |7 0  |p 17A0134269  |o snkOSB 11793  |i snkKSP 3983/98  |0 0  |1 0  |4 0  |d 1998-04-16  |l 0  |r 2005-01-02 00:00:00  |w 2026-02-23 
952 |t P60, <04>, [BOOK], {604}  |a SNK  |b SNK  |y VYP  |7 0  |p 17A0134270  |o snkOSB 11793 D1  |i snkKSP 3984/98  |0 0  |1 0  |4 0  |d 1998-04-16  |l 0  |r 2005-01-02 00:00:00  |w 2026-02-23